| 000 | 01761cam a22002174a 4500 | ||
|---|---|---|---|
| 999 |
_c391 _d391 |
||
| 020 | _a0132243555 | ||
| 020 | _a9780132243551 | ||
| 050 | 0 | 0 |
_aRT41 _b.Sm4 |
| 100 | 1 | _aSmith, Sandra Fucci. | |
| 245 | 1 | 0 |
_aClinical nursing skills : _bbasic to advanced skills / _cSandra F. Smith, Donna J. Duell, Barbara C. Martin. |
| 250 | _a7th ed. | ||
| 260 |
_aUpper Saddle River, N.J. : _bPearson Prentice Hall, _cc2008. |
||
| 300 |
_alvi, 1457 p. : _bill. (chiefly col.) ; _c28 cm. + _e1 CD-ROM (4 3/4 in.) |
||
| 505 | 0 | _aProfessional nursing - Nursing process and critical thinking -- Managing client care: documentation and delegation -- Communication and nurse-client relationship -- Administation, transfer, and discharge -- Client education and discharge planning -- Safe client environment and restraints -- Bathing, bedmaking, and maintaining skin integrity -- Personal hygiene -- Vital signs -- Physical assessment -- Body mechanics and positioning -- Exercise and ambulation -- Infection control -- Disaster preparedness; bioterrorism -- Pain management -- Alternative therapies and stress management -- Medication administration -- Nutrition management and NG intubation -- Speciment collection -- Diagnostic procedures -- Urinary elimination -- Bowel elimination -- Heat and cold therapies -- Wound care and dressings -- Respiratory care -- Circulatory maintenance -- Intravenous therapy -- Central vascular access devices -- Orthopedic intervention -- Postoperative care -- End-of-life care -- Advanced nursing skills -- Community-based nursing -- Appendix: Answers and rationales to review questions. | |
| 650 | 0 | _aNursing. | |
| 650 | 1 | 2 | _aNursing Care. |
| 650 | 2 | 2 | _aNursing Process. |
| 700 | 1 | _aDuell, Donna, | |
| 700 | 1 | _aMartin, Barbara, | |
| 942 | _cBK | ||